000 00656nam a22001937a 4500
003 OSt
005 20260504040103.0
008 260504b |||||||| |||| 00| 0 eng d
020 _a0118-6558.
040 _aOC
_cDWC-Main Lib
082 _aFIl. 323 In7n 1999
245 _a1999 Philippine peace and human rights review
260 _aQuezon City:
_bInstitute of Human Rights, University of the Philippines Law Center;
_cc1999.
300 _aiv, 329 pages ;
_c26 cm.
650 _a1. Human Rights.
650 _a2. Peace.
700 _aMuyot, Alberto T.
_eeditor
942 _2ddc
_cBK - FIL
_hFIl. 323 In7n 1999
_kFil.
_n0
999 _c10195
_d10195